| 000 | 00766cam a2200241 i 4500 | ||
|---|---|---|---|
| 001 | 18630990 | ||
| 005 | 20180503114343.0 | ||
| 008 | 150522s2016 mauab b 001 0 eng | ||
| 020 | _a9781284078008 (alk. paper) | ||
| 040 | _cPK-LaUMT | ||
| 082 | 0 | 0 |
_a613.2 _223 _bCON-N |
| 100 | 1 | _aContento, Isobel R. | |
| 245 | 1 | 0 |
_aNutrition education : _blinking research, theory, and practice / _cIsobel R. Contento |
| 250 | _a3rd ed. | ||
| 260 |
_aBurlington : _bJones & Bartlett Learning, _c2016 |
||
| 300 |
_axxiv, 638 p. : _bcolor illustrations, color maps ; _c28 cm |
||
| 650 | 0 |
_aNutrition _xStudy and teaching. |
|
| 650 | 1 | 2 |
_aDietetics _xeducation. |
| 650 | 1 | 2 |
_aHealth Education _xmethods. |
| 650 | 2 | 2 | _aFood Habits. |
| 650 | 2 | 2 | _aHealth Behavior. |
| 942 | _cBK | ||
| 999 |
_c104579 _d104579 |
||